| 000 | 00886nam a22002537a 4500 | ||
|---|---|---|---|
| 999 |
_c13886 _d13886 |
||
| 003 | AR-CdUCM | ||
| 008 | 190416b ||||| |||| 00| 0 spa d | ||
| 040 |
_aMUNICIPALIDAD PROVINCIAL DEL CUSCO _cBIBLIOTECA MUNICIPAL DEL CUSCO |
||
| 082 |
_aC / 331.61 / _bV77 |
||
| 100 |
_aValcarcel, Luis E. _9628 |
||
| 245 | _aLa cuestión agraria en el Cusco 1913 / | ||
| 260 |
_aCusco : _bCBC, _c1979. |
||
| 300 |
_a45 páginas ; _c20 cm. |
||
| 440 |
_aDebates andinos. _932493 |
||
| 505 | _aLa cuestión agraria del Cuzco -- Otros textos de la época -- El cuzco como uno de los centro industriales de la sierra del Peru ... | ||
| 650 |
_aCusco. _9772 |
||
| 650 |
_aDebates andinos. _97781 |
||
| 650 |
_aProblema agrario. _911148 |
||
| 650 |
_atierra. _9337 |
||
| 700 |
_aGlave Luis Miguel _918558 |
||
| 700 |
_aGieseke, Alberto. _932494 |
||
| 942 |
_2ddc _cLIBROS |
||
| 945 |
_awfj _d2019-04-16 |
||